000 00499nam a2200181Ia 4500
003 GCL
008 140319s9999 xx 000 0 eng d
040 _aGCL /
_cGCL
082 0 4 _a892.7
_bV
100 1 _aCANDIDO, SALVATORE
245 1 0 _aCONTRIBUTI ALLA STORIA DI MALTA DALL , ETA ARABA /
_cCANDIDO, SALVATORE
260 _a[S.N] :
_bACCADEMIA NAZIONALE DEI LINCEI ،
_c1988
300 _a117 - 172
650 0 4 _aMALTA
650 0 4 _aLINGUISTICS
650 0 4 _aARABIC LANGUAGE
942 _2ddc
_cBK
999 _c12414
_d12414